000
00393nam a2200145Ia 4500
008
100122s9999 xx 000 0 und d
082
_b
11344
_a
823
100
_a
हसमनीस द का
245
_a
ऋतुरंग
260
_b
वसंत कुमार सराफ
_c
1961
300
_a
156
630
_a
ऋतुरंग
730
_a
ऋतुरंग
942
_c
BOOK
999
_c
402746
_d
402743